000 00211nam a22000857a 4500
008 170209b xxu||||| |||| 00| 0 eng d
100 _92834
_aBharat Scouts
245 _aHindi Scout book
260 _aNew delhi
_bBS
_c2008
999 _c6051
_d6051